Football : liste équipe de France Euro 2000 - Statistiques

Statistiques générales
  • Ce quiz a été pris 217 fois
  • Le résultat moyen est 18 sur 22
Statistiques - réponses
Club Poste Joueur % Correct
As Monaco Gardien Barthez
98%
Juventus Milieu offensif Zidane
97%
Arsenal Ailier Henry
96%
Bayern Munich Latéral gauche Lizarazu
95%
As Monaco Attaquant de pointe Trézéguet
94%
Parme Latéral droit Thuram
93%
PSG Gardien Lama
89%
Inter Milan Défenseur central Blanc
86%
OM Milieu gauche Pires
86%
Arsenal Milieu Petit
84%
Arsenal Milieu défensif Vieira
84%
Chelsea Milieu Deschamps
81%
Chelsea Défenseur central Leboeuf
80%
Real Madrid Attaquant de pointe Anelka
78%
Real Madrid Milieu Karembeu
77%
Kaiserslautern Milieu offensif Djorkaeff
75%
Bordeaux Ailier Dugarry
75%
Bordeaux Ailier Wiltord
75%
As Roma Latéral gauche Candela
69%
Bordeaux Gardien Ramé
62%
Bordeaux Milieu offensif Micoud
60%
Chelsea Défenseur central Dessaily
41%
Aucun quiz correspondant
Distribution des résultats
% des personnes avec chaque résultat
Percentile par nombre de réponses
Votre historique - résultats
Vous n’avez pas pris ce quiz